Vista normal
Vista MARC
Entrada Personal Name
Número de registros utilizados en: 4
001 - CONTROL NUMBER
- control field: 2943
003 - CONTROL NUMBER IDENTIFIER
- control field: DLC
005 - DATE AND TIME OF LATEST TRANSACTION
- control field: 20240710162224.0
008 - FIXED-LENGTH DATA ELEMENTS
- fixed length control field: 820927n| azannaabn |b aaa
010 ## - LIBRARY OF CONGRESS CONTROL NUMBER
- LC control number: n 82093920
035 ## - SYSTEM CONTROL NUMBER
- System control number: (OCoLC)oca00790540
035 ## - SYSTEM CONTROL NUMBER
- System control number: (CaEvSKY)skya1861557
040 ## - CATALOGING SOURCE
- Original cataloging agency: DLC
- Language of cataloging: spa
- Description conventions: rda
- Transcribing agency: Mx-PuUPA
- Modifying agency: DLC
- Modifying agency: OCoLC
- Modifying agency: MX-MrUMS
- Modifying agency: Mx-PuUPA
100 1# - HEADING--PERSONAL NAME
- Personal name: Salama, Pierre,
372 ## - FIELD OF ACTIVITY
- Field of activity: Economía
- Source of term: lcsh
373 ## - ASSOCIATED GROUP
- Associated group: Universidad París-Norte
- Source of term: naf
374 ## - OCCUPATION
- Occupation: Profesor universitario
- Occupation: Autor
- Occupation: Ejecutivo
- Source of term: lcsh
375 ## - GENDER
- Gender: hombre
377 ## - ASSOCIATED LANGUAGE
- Language code: spa
400 1# - SEE FROM TRACING--PERSONAL NAME
- Control subfield: nnaa
- Personal name: Salama, Pierre,
- Dates associated with a name: fl. 1972-
400 1# - SEE FROM TRACING--PERSONAL NAME
- Personal name: Salāmah, Biyīr
400 1# - SEE FROM TRACING--PERSONAL NAME
- Personal name: Salama, P.
- Fuller form of name: (Pierre)
400 1# - SEE FROM TRACING--PERSONAL NAME
- Personal name: بيير سلامة
670 ## - SOURCE DATA FOUND
- Source citation: His Le procès de sous-développement, 1972.
670 ## - SOURCE DATA FOUND
- Source citation: His La retirada del estado en América Latina, 1992:
- Information found: cover t.p. (Pierre Salama) p. 3 (este intelectual francés, Pierre Salama, prolífico en el analísis y estudio del Estado Latinoamericano)
670 ## - SOURCE DATA FOUND
- Source citation: Jadalīyat al-dawlah wa-al-mujtamaʻ bi-al-Maghrib, c1992:
- Information found: t.p. (Biyīr Salāmah) p. 5, etc. (Pierre Salama; Salama P.)
670 ## - SOURCE DATA FOUND
- Source citation: Bib. nat. de France auth. file, Apr. 4, 2007
- Information found: (hdg.: Salama, Pierre (1942-....); b. Aug. 11, 1942; prof. of economic sciences, UER de sciences économiques et de gestion de Paris XIII, Paris-Nord Villetaneuse; dir. of research CNRS, GREITD (Groupe de recherche sur l'Etat, l'internationalistion des techniques et le développement); specialist in so-called semi-industrial American and Asian economies)
675 ## - SOURCE DATA NOT FOUND
- Source citation: WW Fr., 1979-1980.